000 00556nam a2200193 a 4500
001 000025649
005 20200930023937.0
008 110216s1992 sp r 000 |aspa d
020 _a8478820604
040 _aDO-SdBNP
_bspa
_cBNPHU
082 _axxx
_bR696p
100 1 _aRodríguez Adrados, Francisco,
_918641
245 1 0 _aPalabras e ideas :
_bestudios de filosofía griega /
_cFrancisco Rodríguez Adrados.
260 _aMadrid :
_bClásicas,
_c1992.
300 _axii, 544 p. ;
_c20 cm.
490 1 _aMaior
830 0 _aMaior
_97671
049 _aBNGR
999 _c25141
_d25141